Tous les pokémon du Professeur Chen - Statistiques

Statistiques générales
  • Ce quiz a été pris 39 fois
  • Le résultat moyen est 5 sur 7
Statistiques - réponses
Hint Réponse % Correct
Dracaufeu
90%
Rouge & Bleu & Jaune Florizarre
87%
Tortank
87%
Tauros
68%
Léviator
58%
Arcanin
55%
Noadkoko
52%
Aucun quiz correspondant
Distribution des résultats
% des personnes avec chaque résultat
Percentile par nombre de réponses
Votre historique - résultats
Vous n’avez pas pris ce quiz